| 000 | 00868nam a22002057a 4500 | ||
|---|---|---|---|
| 999 |
_c2552 _d2552 |
||
| 003 | AR-CdUCM | ||
| 008 | 190304b ||||| |||| 00| 0 spa d | ||
| 040 |
_aMUNICIPALIDAD PROVINCIAL DEL CUSCO _cBIBLIOTECA MUNICIPAL DEL CUSCO |
||
| 082 |
_a347.5 / _bUN58 |
||
| 110 |
_aUniversidad Nacional Mayor de San Marcos _95627 |
||
| 245 | _aLa universidad y el pueblo / | ||
| 260 |
_aLima : _bUniversidad de San Marcos, _c1963. |
||
| 300 |
_a171 paginas ; _c21 cm. |
||
| 505 | _aMariano Picón Salas : América Latina, vecindad y frontera -- Raymond Ronze :El problema del pacifico -- Mariano Picón Salas : Dirección punto omega -- Raymond Ronze : El conocimiento que sobre el Perú tenia Francia durante el siglo XVIII. | ||
| 650 |
_aPoesía Peruana _92266 |
||
| 650 |
_aCultura nacional _94759 |
||
| 650 |
_aOrganizaciones _95967 |
||
| 942 |
_2ddc _cLIBROS |
||
| 945 | _awnts | ||